| 000 | 02989nam1a2200325 4500 | ||
|---|---|---|---|
| 001 | RU\NLR\BIBL_A\010434202 | ||
| 005 | 20140725151043.0 | ||
| 035 | _a(NLR Aleph) 010434202 | ||
| 090 |
_a9863294 _c9863294 |
||
| 100 | _a20140703d2013 km y0rusy50 ca | ||
| 101 | 0 | _arus | |
| 102 | _aRU | ||
| 105 | _a||||z|||||||| | ||
| 200 | 1 |
_aРесурсосберегающие экологически безопасные технологии производства и переработки сельскохозяйственной продукции _eматериалы IX международной научно-практической конференции, посвященной 85-летию со дня рождения и памяти доктора сельскохозяйственных наук профессора заслуженного деятеля науки Российской Федерации и Республики Мордовия Сергея Александровича Лапшина Лапшинские чтения, Саранск, 18-19 апреля 2013 года _eв 2 ч. _f[редкол.: Емельянов С.В. и др.] |
|
| 210 |
_aСаранск _cИзд-во Мордовского университета _d2013 |
||
| 215 | _d21 | ||
| 225 | 1 | _aЛапшинские чтения | |
| 300 | _aВ надзаг.: Правительство Респ. Мордовия, ФГБОУ ВПО "Мордовский гос. ун-т им. Н. П. Огарева", М-во сел. хоз-ва и продовольствия Респ. Мордовия, ГНУ "Морд. НИИ сел. хоз-ва" Россельхозакадемии, ФГБОУ ДПОС "Морд. ин-т переподгот. кадров агробизнеса" | ||
| 600 | 1 |
_aЛапшин _bС.А. _gСергей Александрович _f1928 - 2004 _2nlr_sh2 _3RU\NLR\AUTH\661454426 |
|
| 606 | 1 |
_aСельское хозяйство _xЭкологически чистые технологии ресурсосберегающие _jСъезды, совещания и т.п _2nlr_sh2 _3RU\NLR\AUTH\661454427 |
|
| 686 | 1 | _aП5д(2) Лапшин | |
| 686 | 1 | _aП028я431(0) | |
| 702 | 1 |
_aЕмельянов _bС. В. _gСергей Владимирович _4340 |
|
| 702 | 1 |
_aЛапшин _bС. А. _f1928- _gСергей Александрович _3RU\NLR\AUTH\7744937 _4570 |
|
| 711 | 1 | 2 |
_a"Ресурсосберегающие экологически безопасные технологии получения сельскохозяйственной продукции", международная научно-практическая конференция _d9 _f2013 _eСаранск _3RU\NLR\AUTH\880372945 |
| 852 |
_aNLR _j2014-3/19474 |
||
| 942 | _cBOOK | ||
| 980 | _aNB | ||